BIBLIOTHÈQUE DE LA MAISON DU MEXIQUE

Logo 1 Logo 2

El mundo de José Luis Cuevas (notice nᵒ 9535)

détails MARC
000 -Sello discográfico
campo de control de longitud fija 00945nam a2200337 4500
005 - Identificación de versión
campo de control 20251017062720.0
035 ## - Otros números de control del sistema
Número de control del sistema 8562
099 ## - fechas locales
Tipo de ítem Koha LIBRO
100 ## - Datos de procesamiento general
Datos de procesamiento general 20030805d1969 m y1spay5003 ba
105 ## - Campo de datos codificados: Material textual, monográfico
Datos codificados de monografía y 001ab
200 1# - Título y mención de responsabilidad
Título propio El mundo de José Luis Cuevas
Designación general del material texto impreso
Primer mención de responsabilidad Texto Carlos Fuentes
210 ## - Publicación, distribución, etc.
Lugar de publicación, distribución, etc. México
Nombre del editor, distribuidor, etc. Galería de Arte Misrachi
Fecha de publicación, distribución, etc. 1969
215 ## - Descripción física
Designación de material específico y extensión del ítem 47 p
Otras características físicas 71 lám.
Dimensiones 36 cm
318 ## - Nota de acción
Acción No se presta a domicilio
345 ## - Nota de información de adquisición
Fuente de adquisición/dirección de la suscripción [OBSOLETO] Donación
600 ## - Nombre personal usado como materia
Elemento de entrada Cuevas Novelo
Parte del nombre distinta del elemento de entrada José Luis
Fechas 1931-2017
Número Koha 1631
660 ## - Código de área geográfica
Código MX
700 ## - Nombre personal - Responsabilidad primaria
Elemento de entrada Cuevas Novelo
Parte del nombre distinta del elemento de entrada José Luis
Fechas 1931-2017
Número Koha 1631
702 ## - Nombre personal - Responsabilidad secundaria
Elemento de entrada Fuentes Macías
Parte del nombre distinta del elemento de entrada Carlos
Fechas 1928-2012
Número Koha 28
801 #0 - Fuente de origen
Agencia cm
900 ## -
-- 1/4126
900 ## -
-- 7100315873\050803
942 ## - ELEMENTOS DE ENTRADA SECUNDARIOS (KOHA)
Tipo de ítem Koha Livre
996 ## -
-- MEX
-- 751145101
-- MMAG
-- 010388
-- F759.06 F954E
-- 20240606LIV
Exemplaires
Estatus retirado Estado de daño Estado de pérdida Fecha de adquisición Biblioteca de origen Biblioteca actual Ubicación en estantería Código de barras Precio de reemplazo Signatura topográfica completa No para préstamo Tipo de ítem Koha Nota pública Nota no pública
      05/08/2025 Casa México Paris Casa México Paris   010388 05/08/2025 F759.06 F954E No se presta a domicilio Livre 20240606LIV 751145101